000 00413nam a2200169Ia 4500
003 GCL
008 140319s9999 xx 000 0 eng d
040 _aGCL /
_cGCL
082 0 4 _a611
_bM A
100 1 _aMCMINN, R.M.H
245 1 0 _aLAST'S: ANATOMY REGIONAL AND APPLIED /
_cMCMINN, R.M.H
260 _a[S.N] :
_bELBS ،
_c1990
300 _a710\P
650 0 4 _aANATOMY
650 0 4 _aSURGERY
942 _2ddc
_cBK
999 _c20004
_d20004